000 00775cam a2200253 4500
001 D15330
008 090401t1982 xxu||||| |||| 00| 0 eng d
020 _a0854061525
022 _a0309-2119
035 _a(Sirsi) u21943
041 _aeng
050 _a526.9072
100 _aDowman, I. J.
_xEditor
245 _aDirectory of research and development activities in the United Kingdom in land survey and related fields
250 _a3rd
260 _aLondon
_bSurveyors Publications
_c1982
300 _a65p. 21cm
350 _a0
490 _aDirectory of Research and Development Activities
520 _aSponsored by the Photogrammetric Society of the RICS.
710 _aRoyal Institution of Chartered Surveyors
_94900
942 _n0
948 _c04/03/1997
999 _c88095
_d88095